[Event "Moscow Open RSSU Cup 2020"]
[Site "Moscow"]
[Date "2020.01.29"]
[Round "5.5"]
[White "Sychev, Klementy"]
[Black "Shuvalova, Polina"]
[Result "1-0"]
[WhiteElo "2563"]
[BlackElo "2445"]
[Annotator "ChessBase"]
[PlyCount "105"]
[EventDate "2020.01.25"]
[EventType "swiss"]
[EventCountry "RUS"]
[SourceTitle "playchess.com"]
[Source "ChessBase"]
[SourceQuality "1"]
[TimeControl "40/5400+30:1800+30"]

1. e4 {[%emt 0:02:17]} e5 {[%emt 0:00:00]} 2. Nf3 {[%emt 0:00:07]} Nc6 {[%emt 0:00:00]} 3. d4 {[%emt 0:00:36]} exd4 {[%emt 0:00:00]} 4. Nxd4 {[%emt 0:00:06]} Nf6 {[%emt 0:00:00]} 5. Nxc6 {[%emt 0:00:07]} bxc6 {[%emt 0:00:00]} 6. e5 {[%emt 0:03:19]} Qe7 {[%emt 0:00:00]} 7. Qe2 {[%emt 0:00:06]} Nd5 {[%emt 0:00:04]} 8. g3 {[%emt 0:00:12]} a5 {[%emt 0:05:01]} 9. c4 {[%emt 0:08:15]} Ba6 {[%emt 0:03:29]} 10. Bg2 {[%emt 0:16:08]} g6 {[%emt 0:06:38]} 11. b3 {[%emt 0:10:01]} Bg7 {[%emt 0:00:48]} 12. Bb2 {[%emt 0:01:11]} O-O {[%emt 0:02:23]} 13. O-O {[%emt 0:03:12]} a4 {[%emt 0:11:29]} 14. Re1 {[%emt 0:04:40]} Rfe8 {[%emt 0:04:34]} 15. Qd2 {[%emt 0:15:19]} Nb6 {[%emt 0:02:35]} 16. Na3 {[%emt 0:01:03]} axb3 {[%emt 0:08:04]} 17. axb3 {[%emt 0:00:07]} Bb7 {[%emt 0:01:27]} 18. Nc2 {[%emt 0:00:39]} Rxa1 {[%emt 0:02:54]} 19. Bxa1 {[%emt 0:03:23]} Qf8 {[%emt 0:08:41]} 20. Bc3 {[%emt 0:03:56]} d6 {[%emt 0:09:55]} 21. f4 {[%emt 0:05:35]} Ba8 {[%emt 0:04:15]} 22. h4 {[%emt 0:06:57]} h5 {[%emt 0:05:56]} 23. c5 {[%emt 0:04:36]} Nd5 {[%emt 0:03:02]} 24. Bxd5 {[%emt 0:01:00]} cxd5 {[%emt 0:00:04]} 25. exd6 {[%emt 0:02:08]} cxd6 {[%emt 0:07:12]} 26. Rxe8 {[%emt 0:02:39]} Qxe8 {[%emt 0:00:02]} 27. Bxg7 {[%emt 0:00:05]} dxc5 {[%emt 0:03:11]} 28. Be5 {[%emt 0:00:27]} d4 {[%emt 0:05:31]} 29. Bxd4 {[%emt 0:05:45]} cxd4 {[%emt 0:02:59]} 30. Qxd4 {[%emt 0:00:19]} Qc6 {[%emt 0:00:27]} 31. Ne1 {[%emt 0:00:11]} Qh1+ {[%emt 0:03:04]} 32. Kf2 {[%emt 0:00:01]} Bc6 {[%emt 0:01:08]} 33. Ke2 {[%emt 0:00:37]} Qh2+ {[%emt 0:00:59]} 34. Qf2 {[%emt 0:00:06]} Bb5+ {[%emt 0:00:19]} 35. Ke3 {[%emt 0:00:02]} Qh3 {[%emt 0:00:08]} 36. Kd2 {[%emt 0:00:23]} Qf5 {[%emt 0:00:36]} 37. Qe3 {[%emt 0:00:42]} Qb1 {[%emt 0:00:37]} 38. Nc2 {[%emt 0:01:04]} Qb2 {[%emt 0:00:29]} 39. Qc3 {[%emt 0:00:06]} Qb1 {[%emt 0:00:32]} 40. Nd4 {[%emt 0:01:18]} Bd7 {[%emt 0:00:32]} 41. Qc7 {[%emt 0:31:45]} Bg4 {[%emt 0:30:24]} 42. Qc1 {[%emt 0:00:00]} Qe4 {[%emt 0:00:24]} 43. Qg1 {[%emt 0:00:00]} Kg7 {[%emt 0:00:52]} 44. Kc3 {[%emt 0:00:00]} Bc8 {[%emt 0:00:23]} 45. Kb2 {[%emt 0:00:28]} Bb7 {[%emt 0:00:24]} 46. Nc2 {[%emt 0:00:26]} f6 {[%emt 0:00:23]} 47. Qe3 {[%emt 0:00:14]} Qc6 {[%emt 0:01:02]} 48. Qe7+ {[%emt 0:00:29]} Kh6 {[%emt 0:00:19]} 49. Qf8+ {[%emt 0:00:30]} Kh7 {[%emt 0:00:03]} 50. Qf7+ {[%emt 0:00:06]} Kh6 {[%emt 0:00:36]} 51. Qg8 {[%emt 0:00:06]} Qd7 {[%emt 0:00:17]} 52. Qh8+ {[%emt 0:00:05]} Qh7 {[%emt 0:00:02]} 53. Qxf6 {[%emt 0:00:12]} 1-0

[Event "Moscow Open RSSU Cup 2020"]
[Site "Moscow"]
[Date "2020.01.29"]
[Round "5.6"]
[White "Arslanov, Shamil"]
[Black "Afanasiev, Nikita"]
[Result "1/2-1/2"]
[WhiteElo "2400"]
[BlackElo "2516"]
[Annotator "ChessBase"]
[PlyCount "82"]
[EventDate "2020.01.25"]
[EventType "swiss"]
[EventCountry "RUS"]
[SourceTitle "playchess.com"]
[Source "ChessBase"]
[SourceQuality "1"]
[TimeControl "40/5400+30:1800+30"]

1. Nf3 {[%emt 0:05:41]} Nf6 {[%emt 0:06:51]} 2. c4 {[%emt 0:00:15]} c5 {[%emt 0:01:57]} 3. b3 {[%emt 0:00:28]} e6 {[%emt 0:16:07]} 4. g3 {[%emt 0:01:59]} d5 {[%emt 0:00:37]} 5. cxd5 {[%emt 0:00:05]} exd5 {[%emt 0:00:05]} 6. Bg2 {[%emt 0:00:17]} Nc6 {[%emt 0:01:32]} 7. O-O {[%emt 0:00:12]} Bd6 {[%emt 0:05:40]} 8. d4 {[%emt 0:02:06]} O-O {[%emt 0:01:51]} 9. Bb2 {[%emt 0:02:47]} Re8 {[%emt 0:00:26]} 10. Nc3 {[%emt 0:00:55]} a6 {[%emt 0:06:54]} 11. Rc1 {[%emt 0:05:58]} Bg4 {[%emt 0:09:09]} 12. dxc5 {[%emt 0:13:14]} Bxc5 {[%emt 0:00:07]} 13. Nxd5 {[%emt 0:01:04]} Bxf2+ {[%emt 0:00:10]} 14. Rxf2 {[%emt 0:00:04]} Nxd5 {[%emt 0:01:16]} 15. Ne5 {[%emt 0:03:41]} Ne3 {[%emt 0:05:42]} 16. Qxd8 {[%emt 0:03:24]} Raxd8 {[%emt 0:01:00]} 17. Nxc6 {[%emt 0:05:39]} bxc6 {[%emt 0:03:31]} 18. Bxc6 {[%emt 0:01:54]} Re6 {[%emt 0:06:08]} 19. Rf4 {[%emt 0:06:40]} h5 {[%emt 0:02:57]} 20. Rd4 {[%emt 0:06:58]} Rxd4 {[%emt 0:12:12]} 21. Bxd4 {[%emt 0:00:05]} Nf5 {[%emt 0:00:05]} 22. e3 {[%emt 0:13:25]} Nxe3 {[%emt 0:00:05]} 23. Bd7 {[%emt 0:11:18]} Re4 {[%emt 0:01:31]} 24. Bxe3 {[%emt 0:01:26]} Bxd7 {[%emt 0:00:04]} 25. Kf2 {[%emt 0:00:10]} Re5 {[%emt 0:03:34]} 26. Rc4 {[%emt 0:00:15]} Rd5 {[%emt 0:00:08]} 27. Rd4 {[%emt 0:00:03]} Rxd4 {[%emt 0:00:13]} 28. Bxd4 {[%emt 0:00:03]} f6 {[%emt 0:00:04]} 29. Bc3 {[%emt 0:00:05]} Kf7 {[%emt 0:00:09]} 30. h4 {[%emt 0:00:05]} Ke6 {[%emt 0:00:11]} 31. Ke3 {[%emt 0:00:05]} Kf5 {[%emt 0:00:05]} 32. a3 {[%emt 0:00:15]} Kg4 {[%emt 0:00:06]} 33. Kf2 {[%emt 0:00:02]} Be6 {[%emt 0:00:12]} 34. b4 {[%emt 0:00:04]} Bb3 {[%emt 0:00:05]} 35. Bd4 {[%emt 0:00:03]} Ba4 {[%emt 0:00:04]} 36. Bc3 {[%emt 0:00:04]} Bb5 {[%emt 0:00:03]} 37. Bd4 {[%emt 0:00:04]} Bd7 {[%emt 0:00:03]} 38. Bc3 {[%emt 0:00:03]} Be8 {[%emt 0:00:06]} 39. Bd4 {[%emt 0:00:03]} Ba4 {[%emt 0:00:07]} 40. Bb2 {[%emt 0:00:03]} Bc2 {[%emt 0:00:04]} 41. Bc1 {[%emt 0:30:03]} g5 {[%emt 0:30:06]} 1/2-1/2

[Event "Moscow Open RSSU Cup 2020"]
[Site "Moscow"]
[Date "2020.01.29"]
[Round "5.7"]
[White "Tekeyev, Zaur"]
[Black "Lobanov, Sergei"]
[Result "1/2-1/2"]
[WhiteElo "2384"]
[BlackElo "2507"]
[Annotator "ChessBase"]
[PlyCount "115"]
[EventDate "2020.01.25"]
[EventType "swiss"]
[EventCountry "RUS"]
[SourceTitle "playchess.com"]
[Source "ChessBase"]
[SourceQuality "1"]
[TimeControl "40/5400+30:1800+30"]

1. e4 {[%emt 0:01:05]} c5 {[%emt 0:03:05]} 2. Nf3 {[%emt 0:00:11]} d6 {[%emt 0:00:04]} 3. Bb5+ {[%emt 0:00:11]} Nd7 {[%emt 0:00:08]} 4. a4 {[%emt 0:01:55]} Ngf6 {[%emt 0:00:11]} 5. Nc3 {[%emt 0:00:10]} g6 {[%emt 0:00:09]} 6. a5 {[%emt 0:01:26]} Bg7 {[%emt 0:00:15]} 7. O-O {[%emt 0:00:34]} O-O {[%emt 0:00:05]} 8. Re1 {[%emt 0:00:35]} a6 {[%emt 0:00:08]} 9. Bf1 {[%emt 0:00:42]} b5 {[%emt 0:00:19]} 10. axb6 {[%emt 0:00:05]} Qxb6 {[%emt 0:00:04]} 11. d3 {[%emt 0:19:44]} Bb7 {[%emt 0:00:11]} 12. h3 {[%emt 0:01:35]} Bc6 {[%emt 0:02:12]} 13. Ra3 {[%emt 0:08:52]} a5 {[%emt 0:03:25]} 14. Bd2 {[%emt 0:13:35]} h6 {[%emt 0:11:51]} 15. Qa1 {[%emt 0:02:47]} Qb7 {[%emt 0:14:24]} 16. d4 {[%emt 0:10:32]} cxd4 {[%emt 0:18:57]} 17. Nxd4 {[%emt 0:00:45]} Nc5 {[%emt 0:00:05]} 18. Nxc6 {[%emt 0:05:56]} Qxc6 {[%emt 0:00:02]} 19. f3 {[%emt 0:06:46]} Rfb8 {[%emt 0:01:26]} 20. Nd1 {[%emt 0:05:46]} a4 {[%emt 0:05:42]} 21. Bc3 {[%emt 0:00:52]} Nh5 {[%emt 0:04:25]} 22. Bxg7 {[%emt 0:00:54]} Nxg7 {[%emt 0:00:02]} 23. Bc4 {[%emt 0:00:55]} e6 {[%emt 0:05:14]} 24. Ne3 {[%emt 0:00:13]} h5 {[%emt 0:01:23]} 25. Kh1 {[%emt 0:00:38]} Rb4 {[%emt 0:05:34]} 26. b3 {[%emt 0:06:32]} Rab8 {[%emt 0:03:30]} 27. bxa4 {[%emt 0:00:30]} Rxa4 {[%emt 0:01:51]} 28. Rxa4 {[%emt 0:00:22]} Nxa4 {[%emt 0:00:16]} 29. Qd4 {[%emt 0:00:58]} Qc5 {[%emt 0:01:10]} 30. Qd2 {[%emt 0:00:43]} Qb4 {[%emt 0:02:29]} 31. Qf2 {[%emt 0:04:00]} Qc3 {[%emt 0:01:27]} 32. h4 {[%emt 0:02:15]} Rb4 {[%emt 0:01:29]} 33. Bf1 {[%emt 0:00:15]} Nc5 {[%emt 0:02:12]} 34. Rd1 {[%emt 0:00:20]} Ne8 {[%emt 0:00:10]} 35. g3 {[%emt 0:02:01]} Kg7 {[%emt 0:02:56]} 36. Kg2 {[%emt 0:00:22]} Kf8 {[%emt 0:01:52]} 37. Qd2 {[%emt 0:01:16]} Qxd2+ {[%emt 0:00:09]} 38. Rxd2 {[%emt 0:00:01]} Ke7 {[%emt 0:00:27]} 39. Kf2 {[%emt 0:01:25]} f5 {[%emt 0:00:31]} 40. exf5 {[%emt 0:00:01]} gxf5 {[%emt 0:00:01]} 41. Ng2 {[%emt 0:31:00]} Nf6 {[%emt 0:30:49]} 42. Nf4 {[%emt 0:01:41]} e5 {[%emt 0:01:11]} 43. Ng2 {[%emt 0:00:26]} Ne6 {[%emt 0:07:51]} 44. Ne3 {[%emt 0:00:15]} Ng7 {[%emt 0:00:05]} 45. Nc4 {[%emt 0:00:47]} Nfe8 {[%emt 0:00:36]} 46. Ne3 {[%emt 0:00:25]} Nc7 {[%emt 0:00:51]} 47. Nc4 {[%emt 0:00:15]} Nce8 {[%emt 0:01:00]} 48. Ne3 {[%emt 0:00:08]} Nc7 {[%emt 0:00:14]} 49. Nc4 {[%emt 0:00:05]} Nge8 {[%emt 0:00:19]} 50. Ne3 {[%emt 0:01:15]} Kf6 {[%emt 0:00:58]} 51. Rd1 {[%emt 0:00:54]} f4 {[%emt 0:00:29]} 52. gxf4 {[%emt 0:00:02]} Rxf4 {[%emt 0:00:01]} 53. Kg3 {[%emt 0:00:26]} Ra4 {[%emt 0:00:17]} 54. Bc4 {[%emt 0:00:37]} Ra5 {[%emt 0:00:23]} 55. Bb3 {[%emt 0:00:25]} Rc5 {[%emt 0:00:09]} 56. f4 {[%emt 0:00:55]} Rc3 {[%emt 0:01:33]} 57. fxe5+ {[%emt 0:00:24]} Kxe5 {[%emt 0:00:21]} 58. Kf2 {[%emt 0:00:29]} 1/2-1/2

[Event "Moscow Open RSSU Cup 2020"]
[Site "Moscow"]
[Date "2020.01.29"]
[Round "5.8"]
[White "Bykov, Egor"]
[Black "Matinian, Nikita"]
[Result "1-0"]
[WhiteElo "2384"]
[BlackElo "2496"]
[Annotator "ChessBase"]
[PlyCount "77"]
[EventDate "2020.01.25"]
[EventType "swiss"]
[EventCountry "RUS"]
[SourceTitle "playchess.com"]
[Source "ChessBase"]
[SourceQuality "1"]
[TimeControl "40/5400+30:1800+30"]

1. d4 {[%emt 0:00:00]} g6 {[%emt 0:00:00]} 2. Nf3 {[%emt 0:00:00]} Bg7 {[%emt 0:00:00]} 3. g3 {[%emt 0:00:41]} Nf6 {[%emt 0:00:07]} 4. Bg2 {[%emt 0:00:10]} O-O {[%emt 0:00:09]} 5. O-O {[%emt 0:00:07]} d6 {[%emt 0:00:12]} 6. b3 {[%emt 0:00:12]} c6 {[%emt 0:02:48]} 7. c4 {[%emt 0:02:14]} Bf5 {[%emt 0:05:19]} 8. Bb2 {[%emt 0:02:39]} a5 {[%emt 0:03:28]} 9. Nc3 {[%emt 0:04:29]} Qc8 {[%emt 0:11:20]} 10. Re1 {[%emt 0:02:31]} Ne4 {[%emt 0:03:20]} 11. Na4 {[%emt 0:11:37]} Ra6 {[%emt 0:02:12]} 12. Rc1 {[%emt 0:06:36]} Bh3 {[%emt 0:10:21]} 13. Qd3 {[%emt 0:08:17]} Bxg2 {[%emt 0:00:20]} 14. Qxe4 {[%emt 0:00:14]} Bxf3 {[%emt 0:01:45]} 15. Qxf3 {[%emt 0:00:42]} Nd7 {[%emt 0:01:07]} 16. e4 {[%emt 0:03:17]} c5 {[%emt 0:18:12]} 17. Qe3 {[%emt 0:18:04]} cxd4 {[%emt 0:06:41]} 18. Bxd4 {[%emt 0:00:07]} Ne5 {[%emt 0:00:26]} 19. Bxe5 {[%emt 0:07:42]} Bxe5 {[%emt 0:00:14]} 20. c5 {[%emt 0:00:23]} Qh3 {[%emt 0:09:12]} 21. f4 {[%emt 0:08:05]} Bg7 {[%emt 0:00:55]} 22. Nb6 {[%emt 0:04:39]} dxc5 {[%emt 0:01:32]} 23. Qxc5 {[%emt 0:00:18]} e5 {[%emt 0:03:33]} 24. fxe5 {[%emt 0:01:44]} h5 {[%emt 0:02:14]} 25. Rf1 {[%emt 0:08:17]} h4 {[%emt 0:01:23]} 26. Rf3 {[%emt 0:01:03]} hxg3 {[%emt 0:02:16]} 27. hxg3 {[%emt 0:00:35]} Qe6 {[%emt 0:06:10]} 28. Nd5 {[%emt 0:01:04]} Bxe5 {[%emt 0:00:17]} 29. Kg2 {[%emt 0:04:49]} Kg7 {[%emt 0:01:35]} 30. Rh1 {[%emt 0:02:49]} Rc6 {[%emt 0:00:12]} 31. Qf2 {[%emt 0:01:11]} Kg8 {[%emt 0:01:44]} 32. Rf1 {[%emt 0:00:33]} f6 {[%emt 0:04:35]} 33. Qd2 {[%emt 0:00:30]} Rfc8 {[%emt 0:01:10]} 34. Qh6 {[%emt 0:00:31]} Rc2+ {[%emt 0:00:04]} 35. Kh1 {[%emt 0:00:29]} g5 {[%emt 0:02:02]} 36. Qg6+ {[%emt 0:00:37]} Kh8 {[%emt 0:00:02]} 37. Qh6+ {[%emt 0:00:13]} Kg8 {[%emt 0:00:01]} 38. Rxf6 {[%emt 0:00:34]} Qd7 {[%emt 0:01:10]} 39. Rf8+ {[%emt 0:00:06]} 1-0

[Event "Moscow Open RSSU Cup 2020"]
[Site "Moscow"]
[Date "2020.01.29"]
[Round "5.9"]
[White "Pourramezanali, Amirreza"]
[Black "Suleymenov, Alisher"]
[Result "1/2-1/2"]
[WhiteElo "2488"]
[BlackElo "2382"]
[Annotator "ChessBase"]
[PlyCount "123"]
[EventDate "2020.01.25"]
[EventType "swiss"]
[EventCountry "RUS"]
[SourceTitle "playchess.com"]
[Source "ChessBase"]
[SourceQuality "1"]
[TimeControl "40/5400+30:1800+30"]

1. e4 {[%emt 0:00:00]} c5 {[%emt 0:00:00]} 2. Nf3 {[%emt 0:00:00]} d6 {[%emt 0:00:05]} 3. Bb5+ {[%emt 0:00:00]} Nc6 {[%emt 0:00:05]} 4. O-O {[%emt 0:00:15]} Bd7 {[%emt 0:00:05]} 5. Re1 {[%emt 0:00:43]} Nf6 {[%emt 0:00:05]} 6. c3 {[%emt 0:00:11]} a6 {[%emt 0:00:05]} 7. Bf1 {[%emt 0:00:14]} Bg4 {[%emt 0:00:05]} 8. h3 {[%emt 0:01:06]} Bxf3 {[%emt 0:00:04]} 9. Qxf3 {[%emt 0:00:05]} e6 {[%emt 0:00:12]} 10. d3 {[%emt 0:00:05]} Be7 {[%emt 0:00:37]} 11. Nd2 {[%emt 0:00:32]} O-O {[%emt 0:00:36]} 12. Qg3 {[%emt 0:00:04]} Rc8 {[%emt 0:14:27]} 13. Nf3 {[%emt 0:00:43]} Nh5 {[%emt 0:03:00]} 14. Qh2 {[%emt 0:00:05]} Nf6 {[%emt 0:11:06]} 15. Bd2 {[%emt 0:04:01]} b5 {[%emt 0:03:55]} 16. Rad1 {[%emt 0:14:21]} Qb6 {[%emt 0:09:45]} 17. a3 {[%emt 0:07:00]} a5 {[%emt 0:03:28]} 18. Bc1 {[%emt 0:27:59]} Rfd8 {[%emt 0:11:05]} 19. Qf4 {[%emt 0:11:51]} b4 {[%emt 0:02:11]} 20. axb4 {[%emt 0:10:39]} axb4 {[%emt 0:01:06]} 21. Bd2 {[%emt 0:01:37]} Nd7 {[%emt 0:07:22]} 22. Qg3 {[%emt 0:07:15]} Nde5 {[%emt 0:03:46]} 23. Nxe5 {[%emt 0:00:47]} dxe5 {[%emt 0:00:06]} 24. Ra1 {[%emt 0:01:27]} Rd7 {[%emt 0:08:39]} 25. Ra2 {[%emt 0:01:03]} Qd8 {[%emt 0:04:59]} 26. Bh6 {[%emt 0:01:03]} Bf6 {[%emt 0:01:59]} 27. Rea1 {[%emt 0:00:08]} Kh8 {[%emt 0:02:52]} 28. Be3 {[%emt 0:00:05]} Qe7 {[%emt 0:00:46]} 29. Qg4 {[%emt 0:01:36]} h6 {[%emt 0:01:06]} 30. g3 {[%emt 0:00:31]} Kh7 {[%emt 0:04:35]} 31. h4 {[%emt 0:00:10]} g6 {[%emt 0:00:04]} 32. Qe2 {[%emt 0:01:04]} Bg7 {[%emt 0:00:27]} 33. h5 {[%emt 0:02:53]} g5 {[%emt 0:00:01]} 34. Ra8 {[%emt 0:00:52]} Rdd8 {[%emt 0:01:55]} 35. Rxc8 {[%emt 0:01:06]} Rxc8 {[%emt 0:00:01]} 36. Qc2 {[%emt 0:00:13]} Bf8 {[%emt 0:04:03]} 37. Ra6 {[%emt 0:00:50]} Qb7 {[%emt 0:02:39]} 38. Qa4 {[%emt 0:00:02]} Rc7 {[%emt 0:00:29]} 39. Be2 {[%emt 0:02:46]} Kg7 {[%emt 0:00:09]} 40. Bd1 {[%emt 0:00:52]} bxc3 {[%emt 0:00:16]} 41. bxc3 {[%emt 0:30:01]} Qb1 {[%emt 0:30:34]} 42. Qc2 {[%emt 0:01:22]} Qb5 {[%emt 0:00:58]} 43. Ra1 {[%emt 0:00:01]} Rd7 {[%emt 0:00:50]} 44. Be2 {[%emt 0:02:07]} Qb6 {[%emt 0:00:24]} 45. Rb1 {[%emt 0:01:01]} Qa5 {[%emt 0:00:18]} 46. Rb3 {[%emt 0:00:12]} Rc7 {[%emt 0:00:57]} 47. Qb2 {[%emt 0:00:11]} Rd7 {[%emt 0:00:40]} 48. Rb5 {[%emt 0:01:39]} Qa7 {[%emt 0:00:12]} 49. Kg2 {[%emt 0:00:14]} Be7 {[%emt 0:00:18]} 50. Qb3 {[%emt 0:00:25]} Na5 {[%emt 0:00:59]} 51. Qa4 {[%emt 0:00:07]} Nc6 {[%emt 0:00:11]} 52. Qxa7 {[%emt 0:01:25]} Nxa7 {[%emt 0:00:00]} 53. Rb6 {[%emt 0:00:06]} Nc8 {[%emt 0:00:32]} 54. Ra6 {[%emt 0:00:02]} Rb7 {[%emt 0:00:38]} 55. Bd1 {[%emt 0:01:22]} Nb6 {[%emt 0:00:42]} 56. c4 {[%emt 0:00:46]} Nd7 {[%emt 0:00:22]} 57. Ba4 {[%emt 0:00:08]} Nf6 {[%emt 0:00:10]} 58. Rc6 {[%emt 0:00:52]} Ng4 {[%emt 0:01:09]} 59. Kf3 {[%emt 0:00:41]} Nh2+ {[%emt 0:00:40]} 60. Kg2 {[%emt 0:00:15]} Ng4 {[%emt 0:00:01]} 61. Kf3 {[%emt 0:00:04]} Nh2+ {[%emt 0:00:52]} 62. Kg2 {[%emt 0:01:27]} 1/2-1/2

[Event "Moscow Open RSSU Cup 2020"]
[Site "Moscow"]
[Date "2020.01.29"]
[Round "5.10"]
[White "Grachev, Boris"]
[Black "Harutjunyan, Gevorg"]
[Result "1-0"]
[WhiteElo "2614"]
[BlackElo "2444"]
[Annotator "TA"]
[PlyCount "127"]
[EventDate "2020.01.25"]
[EventType "swiss"]
[EventCountry "RUS"]
[SourceTitle "playchess.com"]
[Source "ChessBase"]
[SourceQuality "1"]

{[%evp 17,127,27,35,29,46,40,60,60,58,58,55,50,53,49,64,61,72,70,57,50,67,67,67,67,67,67,67,67,67,67,70,70,70,70,70,67,67,67,67,67,67,67,67,67,67,67,70,67,67,67,67,67,67,67,67,0,67,67,74,67,67,67,88,69,93,73,73,42,64,0,81,73,88,88,88,88,88,104,169,88,88,88,88,88,372,88,88,88,194,62,62,62,62,62,62,47,351,343,333,264,295,146,354,346,387,247,216,181,976,976,29988,29989]} 1. Nf3 Nf6 2. g3 g6 3. Bg2 Bg7 4. O-O O-O 5. d4 d6 6. b3 c5 7. c4 Nc6 8. Bb2 cxd4 9. Nxd4 Bd7 10. Qd2 {E60: King's Indian: Unusual lines and Fianchetto Variation without Nc3} Rb8 (10... Nxd4 11. Bxd4 Bc6 12. Nc3 Bxg2 13. Kxg2 a6 14. a4 e6 15. Rfd1 Qc7 16. Rac1 Rfd8 17. f3 Rac8 {1-0 (48) Grachev,B (2615)-Kokarev,D (2605) Sochi 2019}) 11. Rd1 Nxd4 $146 ({Predecessor:} 11... a6 12. Nc3 Nxd4 13. Qxd4 Bc6 14. Nd5 Bxd5 15. cxd5 Rc8 16. Qd2 Qd7 17. e4 Rc7 {½-½ (31) Trkulja,G (2306)-Tomic,B (2389) Zenica 2007}) 12. Bxd4 {White is slightly better.} Bc6 13. Nc3 Bxg2 14. Kxg2 a6 15. a4 {[%cal Ba2a4,Ba4a5][%mdl 32]} Re8 16. a5 Rc8 17. Bb6 Qd7 18. Rac1 Qc6+ 19. f3 Nd7 20. Nd5 Nxb6 21. Nxb6 Rcd8 22. e4 e6 23. b4 Bf6 24. Qe3 Kg7 25. Rd3 h5 26. h4 Qc7 27. Rcd1 Qc6 28. Qf4 {[%cal Rd3d6]} Be7 29. Qd2 Rf8 30. Qe3 Rfe8 31. R1d2 Rh8 32. Kh2 Rhe8 33. Qe1 Qc7 34. Qa1+ Bf6 35. Qd1 Be7 36. Rd4 ({White should try} 36. f4 $14) 36... Kg8 (36... Bf6 $1 $11) 37. f4 Kg7 38. Qf3 Qc6 39. Kg2 f5 40. Re2 Kf7 41. Rd3 Bf6 42. Kh2 Kg7 43. Kg2 Kf7 44. Rd1 Kg7 45. Rde1 Kf7 46. Qd3 Bg7 47. Kh2 Bf6 (47... fxe4 $16 48. Rxe4 Bf6) 48. Re3 (48. exf5 $18 exf5 49. Nd5) 48... fxe4 49. Rxe4 Re7 50. R4e2 Ree8 $2 {[%mdl 8192] [#]} (50... Qe8 $16) 51. Re3 $2 (51. g4 $1 $18 {[%cal Rg4h5][%mdl 512] And now gxh5 would win.} Qc7 (51... hxg4 52. h5) 52. gxh5) 51... Re7 $16 52. Qd1 d5 (52... Qe8 $16 {might work better.}) 53. c5 ({Only move:} 53. cxd5 $1 $18 exd5 54. Rxe7+ Bxe7 55. f5 $1 {[%mdl 512]}) 53... Qb5 54. Qb3 Rde8 55. Rc1 Kg7 56. Rd1 e5 $2 {[%mdl 8192]} (56... Rd8 $14) 57. Nxd5 $18 exf4 58. Rxe7+ Rxe7 59. Nxf4 (59. Nxe7 $18 {and the rest is easy. Threatening mate with Qg8+.} Qe2+ 60. Kh1 (60. Kg1 Bd4+ 61. Rxd4 Qe1+ {[%mdl 64] Double Attack} 62. Kh2 Qf2+ 63. Kh1 Qf1+ 64. Kh2 Qe2+ 65. Kg1 Qe1+ {[%mdl 64] Double Attack} 66. Kh2 Qe2+ 67. Kg1 $11) 60... Qe4+ 61. Kg1 Bd4+ 62. Kf1 Qh1+ 63. Ke2 Qe4+ 64. Kd2 Qxe7 65. gxf4) 59... Re2+ $2 (59... Be5 $16) 60. Kh3 ({Less strong is} 60. Nxe2 Qxe2+ 61. Kh1 Qe4+ 62. Kg1 Bd4+ 63. Kf1 Qh1+ 64. Ke2 Qg2+ 65. Kd3 Bf6 $16) 60... Re4 61. Qc2 Qe8 62. Rd6 {Qd3 is the strong threat.} Rxb4 $2 {[#]} (62... Rxf4 63. gxf4 Qe1) 63. Rxf6 $1 {[%mdl 512]} Qd7+ (63... Kxf6 64. Qc3+) 64. Re6 {Accuracy: White = 50%, Black = 49%.} 1-0

[Event "Moscow Open RSSU Cup 2020"]
[Site "Moscow"]
[Date "2020.01.29"]
[Round "5.11"]
[White "Badmatsyrenov, Oleg"]
[Black "Pridorozhni, Aleksei"]
[Result "1/2-1/2"]
[WhiteElo "2443"]
[BlackElo "2601"]
[Annotator "TA"]
[PlyCount "128"]
[EventDate "2020.01.25"]
[EventType "swiss"]
[EventCountry "RUS"]
[SourceTitle "playchess.com"]
[Source "ChessBase"]
[SourceQuality "1"]

{[%evp 23,128,3,12,6,20,2,12,0,16,14,17,0,11,0,0,0,0,0,0,0,0,-16,-6,-16,-17,-16,-12,-13,0,0,-4,-9,-10,-26,-22,-25,-3,-8,0,0,0,0,0,0,0,-18,0,-14,-16,-35,-31,-29,-6,-7,-6,-8,0,-4,0,0,0,0,0,0,0,0,0,-47,0,0,0,0,0,0,0,0,0,0,0,-8,-8,-8,-8,-8,-8,-8,0,0,0,0,-8,-8,-8,-8,-8,-8,-8,-8,-8,-8,-8,-8,-8,-8,-8,-8,-8]} 1. e4 e5 2. Nc3 Nf6 3. Nf3 Nc6 4. d4 exd4 5. Nxd4 Bb4 6. Nxc6 bxc6 7. Bd3 d5 8. exd5 O-O 9. O-O cxd5 10. Bg5 c6 11. Qf3 Rb8 12. h3 Bd6 13. b3 {C47: Scotch Four Knights and Four Knights with 4 g3} h6 (13... Be5 14. Bf4 Bxc3 15. Bxb8 Bxa1 16. Rxa1 Bg4 17. hxg4 Qxb8 18. Re1 Re8 19. Rxe8+ Qxe8 20. Qf4 h6 {½-½ (34) Radjabov,T (2759)-Karjakin,S (2748) Moscow 2019}) 14. Bf4 Rb4 15. Ne2 Bxf4 16. Nxf4 Qd6 17. Ne2 Re8 18. Rfe1 c5 $146 ({Predecessor:} 18... Re5 19. Rad1 Qe7 20. c3 Rh4 21. Rf1 {½-½ (31) Lugovskoy,M (2328)-Akhmetov,A (2473) Sochi 2012}) 19. Ng3 Re5 20. Rxe5 Qxe5 21. Rd1 Be6 22. Qe2 (22. Nf5 {is interesting.} Rb6 23. Qe3 Qc7 24. Ng3 Rb8 25. Qd2) 22... Qxe2 23. Bxe2 Kf8 24. Bf3 Ke7 25. Ne2 Rb8 26. Nc3 {[%cal Rf3d5]} Rd8 27. Na4 Rc8 28. Nc3 {[%cal Rf3d5]} d4 29. Na4 Bd7 30. Nb2 Bc6 31. Re1+ Kd7 32. Bxc6+ Kxc6 $11 {[%mdl 4096] Endgame KRN-KRN} 33. Nc4 Re8 34. Kf1 Rxe1+ 35. Kxe1 {KN-KN} Kd5 36. Ke2 Ne4 37. a3 f5 38. h4 g5 39. hxg5 hxg5 40. a4 Nc3+ 41. Kd3 Na2 42. Kd2 g4 43. Na3 Nc3 44. Kd3 Ne4 45. f3 gxf3 46. gxf3 {The position is equal.} Ng5 47. Ke2 Nf7 48. Nb5 a5 49. Nc7+ Kc6 50. Ne6 Kd6 51. Nf4 c4 52. bxc4 Kc5 53. Nd5 Kxc4 54. Ne7 Nd6 55. Kd2 Kb4 56. Nc6+ Kxa4 57. Nxd4 Kb4 58. Nc6+ Kb5 {[#]} 59. Nxa5 $1 {[%mdl 512]} Kxa5 {KN-KPP} 60. Ke3 Kb6 61. Kf4 Kc6 {And now ...Kd5 would win.} (61... Kc5 $5 62. Ke5 $8 Kc6 $11) 62. Ke5 Kd7 63. Kf6 Kc7 64. Ke5 Kc6 {Accuracy: White = 78%, Black = 67%.} 1/2-1/2